000
00290nam a22001337a 4500
008
170329b xxu||||| |||| 00| 0 eng d
020
_a
0895774003
041
_a
eng
080
_a
796.3
100
_a
8
101
_a
SHM
245
_a
BONES MUSCLES AND JOINS
_c
CLAYMAN.CH
942
_2
udc
_c
BK
999
_c
8904
_d
8904